000 00705nam a2200241 a 4500
999 _c6590
_d6590
001 19654
003 BD-DhUAP
005 20210104145526.0
008 200206s2015 ii 00| 0 eng d
020 _a9789339203047
020 _a9339203046
040 _aDLC
_cDLC
_dBD-DhUAP
_bEng
082 0 0 _223
_a344.5401 GHO
100 _aGhosh, Piyali.
245 _aIndustrial relations and labour laws /
_cPiyali Ghosh and Shefali Nandan.
260 _aNew Delhi :
_bMcGraw-hill,
_cc2015.
300 _avarious pages ;
_c22 cm.
500 _aIncludes index.
650 0 _aLabor laws and legislation
_zIndia.
700 _aNandan, Shefali.
942 _2ddc
_cBK